Cykly a seriály : katalog výstavy, Brno, 3.-26. března 1972 /

Další autoři: Koutník, Antonín
Jazyk: Čeština
Vydáno: Brno : Krajské kulturní středisko, 1972
Fyzický popis: [11] stran, [16] stran obrazových příloh : ilustrace
Knihy
Uloženo v:
LEADER 00891nam a22002532i 4500
001 001593963
003 CZ BrMZK
005 20170911075919.0
007 ta
008 170911s1972 xr af er|||||||||||cze d
015 |a cnb000435777 
035 |a (OCoLC)42164203 
040 |a BOA001  |b cze  |e rda 
245 0 0 |a Cykly a seriály :  |b katalog výstavy, Brno, 3.-26. března 1972 /  |c ext Antonín Koutník a autoři vystavených fotografií 
264 1 |a Brno :  |b Krajské kulturní středisko,  |c 1972 
300 |a [11] stran, [16] stran obrazových příloh :  |b ilustrace 
336 |a text  |b txt  |2 rdacontent 
337 |a bez média  |b n  |2 rdamedia 
338 |a svazek  |b nc  |2 rdacarrier 
700 1 |a Koutník, Antonín  |7 mzk2010610274  |4 wfw 
910 |a BOA001  |b X-0677.506 
990 |a BK 
991 |b 201709 
996 6 |b 2618909798  |c X-0677.506  |l MZK  |r Sklad / do 24 hodin  |n 0  |w 001629299  |u 000010  |a 1  |e BOA001  |j MZK50  |s P